000 01083nam a2200277Ia 4500
001 18394
003 GE_BSU
008 181216s||||||||xx |||||||||||||| ||und||
020 _a978-99940-5039-6
040 _cGE_BSU
080 _a070 + 316.77
100 _aვივიანი, ჯ. (ჯონ)
245 _aმასობრივი კომუნიკაცია
245 _cრედ. კალაძე ნათია
250 _aმე-11 გამოცემა
260 _aთბილისი
260 _bსაქ. უნ-ტის გამ-ბა
260 _c2013
300 _a463 გვ. : ფოტ. ; 27 სმ..
520 _aთავფურცლის მე-3 გვ. ინგლ.(დაიბეჭდა აშშ-ის საელჩოს თანადაფინანსებით.)
541 _h26 ლ.
653 _aმასობრივი კომუნიკაცია
653 _aმედია, ჟურნალისტიკა
653 _aსოციოლოგია
942 _cBK
999 _c51409
_d51409